| 000 | 00914cam a2200229 a 4500 | ||
|---|---|---|---|
| 005 | 20160105111438.0 | ||
| 008 | 030717s2000 ck ab r 00010 spa d | ||
| 020 | _a9589117961 | ||
| 040 |
_ala _cla _dCO-BoIAVH |
||
| 041 | 0 | _aspa | |
| 082 | 0 | 4 |
_a581.9861 _bL79f |
| 100 | 1 | _aLlanos Henríquez, Fany. | |
| 245 | 1 | 0 |
_aFlora de la región norte del Huila 3 : _bmunicipios de Palermo y Rivera / _cFany Llanos Henríquez. |
| 260 |
_aNeiva : _bUniversidad Surcolombiana, Facultad de Ingeniería, Programa de Ingeniería Agrícola, Herbario Surco, _c2000. |
||
| 300 |
_a76 páginas : _bilustraciones ; _c24 x 17 cm. |
||
| 504 | _aIncluye bibliografía. | ||
| 650 | 6 |
_aBotánica _z Rivera (Huila, Colombia) |
|
| 650 | 6 |
_aBotánica _z Palermo (Huila, Colombia) |
|
| 650 | 6 |
_aFlora _z Palermo (Huila, Colombia) |
|
| 650 | 6 |
_aFlora _z Rivera (Huila, Colombia) |
|
| 942 |
_2ddc _cLIBRO |
||
| 999 |
_c17932 _d17932 |
||